[Event "10th Norway Chess 2022"]
[Site "Stavanger"]
[Date "2022.06.02"]
[Round "3.1"]
[White "Carlsen, Magnus"]
[Black "Radjabov, Teimour"]
[Result "1-0"]
[WhiteElo "2864"]
[BlackElo "2753"]
[Annotator "TA"]
[PlyCount "71"]
[EventDate "2022.05.30"]
[EventType "tourn"]
[EventCountry "NOR"]
[SourceTitle "playchess.com"]
[Source "ChessBase"]
[SourceQuality "1"]
[TimeControl "40/7200:0"]

{[%evp 13,71,11,17,18,29,20,15,12,11,24,16,23,12,10,13,18,23,15,28,46,33,25,43,35,26,31,41,41,30,34,38,39,31,34,45,39,33,37,43,19,30,29,107,98,91,56,109,97,100,100,114,93,102,66,158,153,312,323,291,295]} 1. d4 {[%emt 0:00:04]} Nf6 {[%emt 0:00:04]} 2. c4 {[%emt 0:00:07]} e6 {[%emt 0:00:06]} 3. Nf3 {[%emt 0:00:06]} d5 {[%emt 0:00:07]} 4. g3 {[%emt 0:00:06]} Be7 {[%emt 0:00:15]} 5. Bg2 {[%emt 0:00:10]} O-O {[%emt 0:00:07]} 6. O-O {[%emt 0:02:17]} dxc4 {[%emt 0:00:20]} 7. Qc2 {[%emt 0:00:09]} b5 {[%emt 0:00:53]} 8. a4 {[%emt 0:00:26] E05: Open Catalan: 5 Nf3 Be7.} Bb7 {[%emt 0:00:19]} 9. axb5 {[%emt 0:00:16]} a6 {[%emt 0:00:17]} 10. bxa6 {[%emt 0:01:33] The position is equal.} Nxa6 {[%emt 0:01:12]} 11. Qxc4 {[%emt 0:00:14]} Bd5 {[%emt 0:01:04]} 12. Qc3 {[%emt 0:00:10]} c5 {[%emt 0:14:30] [#]} 13. Bf4 $1 $146 {[%emt 0:04:55][%mdl 8] A top novelty.} ({Predecessor:} 13. dxc5 Nxc5 14. Rxa8 Qxa8 15. Be3 Nfe4 16. Qc2 Rc8 17. Nc3 Nxc3 18. bxc3 Ne4 19. Bd4 Nxc3 20. Bxc3 {½-½ (98) Vidit,S (2723)-Nakamura,H (2766) Chess.com INT 2022}) 13... Ne4 {[%emt 0:07:17]} 14. Qc1 {[%emt 0:01:32]} cxd4 {[%emt 0:24:24]} 15. Nxd4 {[%emt 0:00:10]} Nec5 {[%emt 0:02:07] [#] ...Bxg2 is the strong threat.} 16. Bxd5 {[%emt 0:17:45]} Qxd5 {[%emt 0:00:30]} 17. Be3 {[%emt 0:01:34]} Qb7 {[%emt 0:17:31]} 18. Nd2 {[%emt 0:04:47]} Rac8 {[%emt 0:05:55][%cal Oc5b3]} 19. Qb1 {[%emt 0:03:29]} Nb4 {[%emt 0:02:18]} 20. N4f3 {[%emt 0:01:55]} Qb5 {[%emt 0:06:15]} 21. Re1 {[%emt 0:06:24]} Rfd8 {[%emt 0:01:37]} 22. Kf1 {[%emt 0:12:50]} h6 {[%emt 0:15:15]} 23. Rc1 {[%emt 0:00:40]} Bf8 {[%emt 0:00:55]} 24. Ne4 {[%emt 0:06:27]} Nb3 {[%emt 0:01:17][%csl LRa1,LRc1]} 25. Rxc8 {[%emt 0:00:14]} Rxc8 {[%emt 0:00:04]} 26. Nc3 $1 {[%emt 0:00:32]} Qb7 {[%emt 0:03:09]} 27. Ra4 {[%emt 0:01:03]} Nd5 {[%emt 0:01:32]} (27... Bc5 $11 {remains equal.}) 28. Nxd5 $16 {[%emt 0:01:55]} Qxd5 {[%emt 0:00:02]} 29. Kg2 {[%emt 0:03:18]} Qc6 {[%emt 0:05:20]} ({Black should play} 29... Qb5 $14 30. Qe4 Na5) 30. Ra7 {[%emt 0:04:56]} g5 {[%emt 0:01:46]} 31. Qd3 {[%emt 0:10:06]} Nc5 {[%emt 0:00:19]} 32. Qc4 $40 {[%emt 0:00:29][%mdl 128] Threatens to win with b4. White is out for blood.} Qb6 {[%emt 0:00:22][%csl LRa7,LRb2]} 33. Qa2 {[%emt 0:02:37] White is more active.} Qc6 {[%emt 0:00:22]} ({Better is} 33... Qb5 $1 $14) 34. b4 {[%emt 0:00:24][%cal Bb2b4,Bb4b5][%mdl 32]} Nd7 {[%emt 0:02:01] [#]} (34... Nb7 $16 {might work better.}) 35. b5 $1 $18 {[%emt 0:00:47]} Qd6 {[%emt 0:00:24]} 36. Qa6 {[%emt 0:01:21] Weighted Error Value: White=0.04 (flawless) /Black=0.16 (very precise)} 1-0

[Event "10th Norway Chess 2022"]
[Site "Stavanger"]
[Date "2022.06.02"]
[Round "3.1"]
[White "Mamedyarov, Shakhriyar"]
[Black "Topalov, Veselin"]
[Result "1/2-1/2"]
[WhiteElo "2770"]
[BlackElo "2730"]
[Annotator "TA"]
[PlyCount "114"]
[EventDate "2022.05.30"]
[EventType "tourn"]
[EventCountry "NOR"]
[SourceTitle "playchess.com"]
[Source "ChessBase"]
[SourceQuality "1"]
[TimeControl "40/7200:0"]

{[%evp 9,114,3,12,8,7,6,15,14,9,13,16,0,0,0,0,0,0,0,-4,-25,0,-27,-5,-49,-35,-28,-2,-38,-31,-40,-7,-29,-7,-18,0,0,0,0,0,-5,0,0,0,-8,25,25,25,18,21,14,26,57,43,44,58,50,74,66,101,31,29,24,32,35,19,16,68,80,89,94,99,98,85,92,63,39,39,36,44,0,40,30,49,42,42,45,124,-9,162,142,134,0,0,0,0,0,0,0,0,0,0,0,0,0,0,0,0]} 1. d4 {[%emt 0:00:03]} d5 {[%emt 0:00:13]} 2. c4 {[%emt 0:00:12]} c6 {[%emt 0:00:11]} 3. Nf3 {[%emt 0:00:09]} Nf6 {[%emt 0:00:12]} 4. g3 {[%emt 0:00:13]} Bf5 {[%emt 0:02:34]} 5. Nc3 {[%emt 0:00:42]} e6 {[%emt 0:03:27]} 6. Nh4 {[%emt 0:00:15] D11: Slav Defence: 3 Nf3 sidelines and 3...Nf6 4 e3 Bg4.} dxc4 {[%emt 0:06:01]} 7. Nxf5 {[%emt 0:01:02]} exf5 {[%emt 0:00:08]} 8. e3 {[%emt 0:00:09]} Nbd7 {[%emt 0:04:31]} 9. Bxc4 {[%emt 0:00:13] Hoping for Qb3.} Nb6 {[%emt 0:00:16]} 10. Bf1 {[%emt 0:11:31]} Bd6 {[%emt 0:03:33]} 11. Bg2 {[%emt 0:00:26]} O-O {[%emt 0:00:51] [#]} 12. Qd3 $146 {[%emt 0:06:21]} ({Predecessor:} 12. O-O Re8 13. Qb3 Qe7 14. a4 Qe6 15. Qxe6 fxe6 16. a5 Nbd5 17. a6 Reb8 18. axb7 Rxb7 {1-0 (68) Izoria,Z (2589)-King,A (2238) New York 2015}) 12... g6 {[%emt 0:00:41]} 13. Bd2 {[%emt 0:00:25]} Re8 {[%emt 0:01:42]} 14. O-O-O {[%emt 0:03:53]} Qe7 {[%emt 0:01:06]} 15. f3 {[%emt 0:00:42]} c5 {[%emt 0:08:40]} 16. Kb1 {[%emt 0:00:50]} cxd4 $1 {[%emt 0:03:59]} 17. exd4 {[%emt 0:00:36]} Qd7 {[%emt 0:00:49]} 18. Rhe1 {[%emt 0:13:57]} Rxe1 {[%emt 0:01:40]} 19. Rxe1 {[%emt 0:00:48]} Bc5 {[%emt 0:08:07]} 20. f4 {[%emt 0:07:25]} (20. g4 $5) 20... Bf8 {[%emt 0:11:15]} 21. Qb5 {[%emt 0:12:46]} Qxd4 {[%emt 0:03:24]} 22. Be3 {[%emt 0:00:36]} Qd6 {[%emt 0:00:33]} 23. Rd1 {[%emt 0:04:30]} Qe6 {[%emt 0:03:41]} 24. Bxb6 {[%emt 0:06:19]} axb6 {[%emt 0:00:05]} 25. Bxb7 {[%emt 0:00:06]} Ra5 {[%emt 0:00:05]} 26. Qc6 {[%emt 0:00:37]} Rc5 {[%emt 0:03:21]} 27. Qxe6 {[%emt 0:04:49]} fxe6 {[%emt 0:00:06]} 28. Bf3 {[%emt 0:01:56][%cal Bb7f3,Bf3e2,Be2b5][%mdl 32]} Rc7 {[%emt 0:08:41]} 29. a3 {[%emt 0:06:43]} Kf7 {[%emt 0:01:36]} 30. Na4 {[%emt 0:02:25]} Nd7 {[%emt 0:10:48]} 31. Be2 {[%emt 0:00:53]} Rb7 {[%emt 0:06:36]} 32. b4 {[%emt 0:04:45]} e5 {[%emt 0:02:16]} 33. Bb5 {[%emt 0:03:01]} Ke6 {[%emt 0:00:05]} 34. Kc2 {[%emt 0:07:10] White is more active.} (34. Nc3 $16) 34... exf4 $14 {[%emt 0:00:49]} 35. gxf4 {[%emt 0:00:05]} Bh6 {[%emt 0:01:10]} 36. Rd4 {[%emt 0:00:47]} Nf6 {[%emt 0:01:11]} 37. Kb3 {[%emt 0:02:42]} Nh5 {[%emt 0:00:48]} (37... Ke7 $11) 38. Rc4 $1 {[%emt 0:00:17]} Bxf4 {[%emt 0:01:29]} 39. Rc6+ {[%emt 0:00:01]} Ke5 {[%emt 0:01:11]} 40. Nxb6 {[%emt 0:00:00]} Bxh2 {[%emt 0:00:19]} 41. a4 $1 {[%emt 2:00:53]} Bg1 {[%emt 2:01:46]} 42. Nc4+ {[%emt 0:00:16][%mdl 1024] White has compensation.} (42. a5 {feels hotter.} Ng3 43. a6 Rg7 44. Bc4) 42... Kf4 {[%emt 0:00:02]} 43. Nd6 {[%emt 0:00:41]} Re7 {[%emt 0:00:38]} 44. a5 {[%emt 0:00:00]} (44. Rc1 $5 {[%cal Rc1g1]} Be3 45. Re1 $11) 44... Nf6 {[%emt 0:00:51]} 45. Rc1 {[%emt 0:01:11]} Bf2 {[%emt 0:00:23]} 46. Rc2 {[%emt 0:01:48]} ({Much weaker is} 46. Rf1 Kg3 $11) 46... Kg3 {[%emt 0:00:10]} 47. Bc6 {[%emt 0:00:51]} Re6 {[%emt 0:02:22]} (47... h5 $14) 48. Rd2 {[%emt 0:00:00]} (48. Nc8 $1 $16) 48... f4 $2 {[%emt 0:01:41]} (48... Ne4 $1 $11 {and Black stays safe.} 49. Nxe4+ fxe4) 49. b5 $18 {[%emt 0:00:00][%cal Od2f2] aiming for Rxf2!} Bc5 {[%emt 0:00:03] [#]} 50. Rd3+ {[%emt 0:00:52]} (50. b6 $1 $16 {[%cal Od6c8] Nc8! is the strong threat.} Bxd6 51. a6) 50... Re3 $11 {[%emt 0:00:03] The position is equal.} 51. Ne4+ $1 {[%emt 0:00:00]} Nxe4 {[%emt 0:00:07]} 52. Bxe4 {[%emt 0:00:00][%mdl 4096] Endgame KRB-KRB} f3 {[%emt 0:00:10]} 53. Kc4 $1 {[%emt 0:00:27]} Rxd3 {[%emt 0:01:05]} 54. Bxd3 {[%emt 0:00:00]} Be3 {[%emt 0:00:00] Strongly threatening ...h5.} 55. b6 {[%emt 0:00:14]} h5 $1 {[%emt 0:00:00]} 56. Kb5 {[%emt 0:00:00] a6 would kill now.} ({Not} 56. Bxg6 $2 f2 57. Bd3 h4 $19) 56... h4 {[%emt 0:00:00] White must now prevent ...h3.} 57. a6 {[%emt 0:00:00] And now a7 would win.} Bxb6 {[%emt 0:00:32] Weighted Error Value: White=0.13 (very precise) /Black=0.15 (very precise)} 1/2-1/2

[Event "10th Norway Chess 2022"]
[Site "Stavanger"]
[Date "2022.06.02"]
[Round "3.1"]
[White "Giri, Anish"]
[Black "So, Wesley"]
[Result "1/2-1/2"]
[WhiteElo "2761"]
[BlackElo "2766"]
[Annotator "TA"]
[PlyCount "61"]
[EventDate "2022.05.30"]
[EventType "tourn"]
[EventCountry "NOR"]
[SourceTitle "playchess.com"]
[Source "ChessBase"]
[SourceQuality "1"]
[TimeControl "40/7200:0"]

{[%evp 12,61,32,26,15,12,11,12,22,8,11,14,10,16,11,12,14,16,16,15,14,14,7,13,20,14,9,11,15,8,6,6,15,2,2,2,2,0,2,2,2,2,2,2,2,2,2,0,2,2,2,0]} 1. d4 {[%emt 0:00:01]} Nf6 {[%emt 0:00:18]} 2. c4 {[%emt 0:00:06]} e6 {[%emt 0:00:05]} 3. Nc3 {[%emt 0:00:15]} Bb4 {[%emt 0:00:12]} 4. Qc2 {[%emt 0:00:06]} O-O {[%emt 0:05:45]} 5. a3 {[%emt 0:00:10]} Bxc3+ {[%emt 0:00:05]} 6. Qxc3 {[%emt 0:00:03]} d5 {[%emt 0:00:06]} 7. Nf3 {[%emt 0:00:05]} b6 {[%emt 0:00:12] E36: Nimzo-Indian: Classical: 4...d5 5 a3.} 8. Bg5 {[%emt 0:00:11] The position is equal.} dxc4 {[%emt 0:00:07]} 9. Qxc4 {[%emt 0:00:03]} Ba6 {[%emt 0:03:53]} 10. Qa4 {[%emt 0:00:47]} h6 {[%emt 0:00:14]} 11. Bh4 {[%emt 0:00:22]} c5 {[%emt 0:00:06]} 12. dxc5 {[%emt 0:00:27]} bxc5 {[%emt 0:00:05]} 13. Rd1 $1 {[%emt 0:01:11][%mdl 4] is more profitable than 13.Rc1 at the moment.} Qb6 {[%emt 0:02:26]} 14. Bxf6 {[%emt 0:00:13]} gxf6 {[%emt 0:00:08]} 15. e3 {[%emt 0:00:05]} Bxf1 {[%emt 0:00:58]} 16. Kxf1 {[%emt 0:00:16]} Nc6 {[%emt 0:00:05]} 17. Rb1 {[%emt 0:00:11]} Rad8 {[%emt 0:05:26]} 18. Ke2 {[%emt 0:02:54]} Rd5 {[%emt 0:02:58]} 19. Rhc1 {[%emt 0:01:25] [#]} Rb8 $146 {[%emt 0:07:32]} ({Predecessor:} 19... a5 20. Rd1 Rfd8 21. Rxd5 Rxd5 22. b3 Na7 23. Qg4+ Kh8 24. a4 Nc8 25. Qc4 Nd6 {½-½ (39) Palladino,M (2300)-Piacenti,L (2349) ICCF email 2020}) 20. b4 {[%emt 0:03:48]} Ne5 {[%emt 0:05:57]} 21. Nxe5 {[%emt 0:20:11]} Rxe5 {[%emt 0:00:06]} 22. Kf1 {[%emt 0:11:38]} Qb5+ {[%emt 0:03:22]} 23. Qxb5 {[%emt 0:00:05]} Rxb5 {[%emt 0:00:05]} 24. Ke2 {[%emt 0:02:34]} cxb4 {[%emt 0:05:38]} 25. Rxb4 {[%emt 0:00:02]} Rxb4 {[%emt 0:00:05]} 26. axb4 $11 {[%emt 0:00:04] KR-KR} Rb5 {[%emt 0:00:14]} 27. Rc4 {[%emt 0:00:04]} a5 {[%emt 0:00:05]} 28. bxa5 {[%emt 0:00:02]} Rxa5 {[%emt 0:00:04]} 29. g3 {[%emt 0:00:03]} Kg7 {[%emt 0:00:04]} 30. Rg4+ {[%emt 0:00:04]} Kf8 {[%emt 0:00:06]} 31. Rc4 {[%emt 0:00:03] An even fight not without its subleties.  Weighted Error Value: White=0.02 (flawless) /Black=0.01 (flawless)} 1/2-1/2

[Event "10th Norway Chess 2022"]
[Site "Stavanger"]
[Date "2022.06.02"]
[Round "3.1"]
[White "Anand, Viswanathan"]
[Black "Wang, Hao"]
[Result "1/2-1/2"]
[WhiteElo "2751"]
[BlackElo "2744"]
[Annotator "TA"]
[PlyCount "77"]
[EventDate "2022.05.30"]
[EventType "tourn"]
[EventCountry "NOR"]
[SourceTitle "playchess.com"]
[Source "ChessBase"]
[SourceQuality "1"]
[TimeControl "40/7200:0"]

{[%evp 24,77,14,16,22,8,12,10,20,6,19,16,18,18,17,16,18,7,3,0,0,0,0,0,0,9,18,10,54,51,85,86,87,87,100,59,56,27,105,104,161,161,158,154,158,152,152,158,158,70,268,264,290,290,281,158]} 1. e4 {[%emt 0:00:04]} c5 {[%emt 0:00:03]} 2. Nf3 {[%emt 0:00:09][%cal Bg1f3,Bf3d4,Bd4b5,Bb5a3,Ba3c2][%mdl 32]} Nc6 {[%emt 0:00:05]} 3. d4 {[%emt 0:00:12]} cxd4 {[%emt 0:00:05]} 4. Nxd4 {[%emt 0:00:07]} Nf6 {[%emt 0:00:07]} 5. Nc3 {[%emt 0:00:06]} e5 {[%emt 0:00:04]} 6. Ndb5 {[%emt 0:00:38]} d6 {[%emt 0:00:07]} 7. Bg5 {[%emt 0:01:49]} a6 {[%emt 0:00:38]} 8. Na3 {[%emt 0:00:09]} b5 {[%emt 0:00:05]} 9. Nd5 {[%emt 0:00:15]} Be7 {[%emt 0:00:06][%cal Bf8e7,Be7f6,Bf6g5][%mdl 32]} 10. Bxf6 {[%emt 0:00:14]} Bxf6 {[%emt 0:00:05]} 11. c3 {[%emt 0:00:15]} Rb8 {[%emt 0:00:30]} 12. Nc2 {[%emt 0:01:40]} Bg5 {[%emt 0:00:33]} 13. a3 {[%emt 0:01:26]} (13. a4 {with more complications.} bxa4 14. Nce3 Rxb2 15. Qxa4 Bd7 16. Bxa6 Qb8 17. O-O) 13... a5 {[%emt 0:01:00] B33: Sicilian: Pelikan and Sveshnikov Variations.} 14. Bd3 {[%emt 0:10:57]} Ne7 {[%emt 0:04:11]} 15. Nce3 {[%emt 0:05:07]} Bxe3 {[%emt 0:14:24] The position is equal.} 16. Nxe3 {[%emt 0:00:19]} O-O {[%emt 0:00:08]} 17. O-O {[%emt 0:02:24]} Be6 {[%emt 0:08:29]} 18. Qe2 {[%emt 0:06:34]} Qb6 {[%emt 0:12:26]} 19. Rfd1 {[%emt 0:01:51]} Rfd8 {[%emt 0:07:10]} 20. Rd2 {[%emt 0:00:50] [#]} g6 $146 {[%emt 0:03:26]} ({Predecessor:} 20... Qc5 21. Rad1 b4 22. axb4 axb4 23. Bc4 bxc3 24. bxc3 Bxc4 25. Nxc4 Ng6 26. g3 Rb3 27. Rd5 Qc7 28. Nxd6 Rdb8 29. c4 f6 30. Nb5 Qb6 31. Qa2 {1-0 (31) Roser,K (2319)-Sarthou,G (2326) France 1999}) 21. a4 {[%emt 0:09:46]} b4 {[%emt 0:12:54]} 22. Bb5 {[%emt 0:06:55]} bxc3 {[%emt 0:04:00]} 23. bxc3 {[%emt 0:00:16]} Rbc8 {[%emt 0:00:35]} 24. Rd3 {[%emt 0:03:36]} d5 {[%emt 0:13:47]} 25. Nxd5 {[%emt 0:05:38]} (25. exd5 {keeps more tension.} Bxd5 26. Rad1 Be6 27. Rxd8+ Rxd8 28. c4) 25... Nxd5 {[%emt 0:00:40]} (25... Bxd5 {looks sharper.} 26. exd5 Rxd5 27. Rad1 Rxd3 28. Rxd3 Qf6) 26. exd5 {[%emt 0:00:14]} Rxd5 {[%emt 0:00:07]} 27. Rxd5 {[%emt 0:00:14]} Bxd5 {[%emt 0:00:12]} 28. Qxe5 {[%emt 0:00:57]} Bc4 {[%emt 0:06:38]} 29. Rb1 {[%emt 0:11:37]} Qc5 {[%emt 0:02:52]} 30. Qe1 {[%emt 0:04:27]} Bxb5 {[%emt 0:06:15]} (30... h5 $11 {remains equal.}) 31. Rxb5 $16 {[%emt 0:00:13]} Qxc3 {[%emt 0:00:04]} (31... Qc6 $16) 32. Qxc3 $18 {[%emt 0:00:07]} Rxc3 $11 {[%emt 0:00:04][%cal Rc3c1][%mdl 4096] [#] Endgame KR-KR} 33. g3 {[%emt 0:00:10]} Ra3 {[%emt 0:00:12]} 34. Rxa5 {[%emt 0:00:05]} h5 {[%emt 0:00:04]} 35. h4 {[%emt 0:00:16] Threatens to win with Ra8+.} Kg7 {[%emt 0:00:24] [#]} 36. Ra6 {[%emt 0:00:08]} (36. Ra7 $1 $16) 36... Kf8 $2 {[%emt 0:01:06]} (36... f6 $14 37. a5 g5 38. hxg5 Ra1+ 39. Kg2 fxg5) 37. Kg2 {[%emt 0:00:24] White has a decisive advantage.} Kg8 {[%emt 0:00:31]} 38. a5 {[%emt 0:00:31]} Kg7 {[%emt 0:00:05]} 39. Ra7 {[%emt 0:01:44] Weighted Error Value: White=0.09 (flawless) /Black=0.28 (precise)} (39. Ra8 $18) 1/2-1/2

[Event "10th Norway Chess 2022"]
[Site "Stavanger"]
[Date "2022.06.02"]
[Round "3.2"]
[White "Mamedyarov, Shakhriyar"]
[Black "Topalov, Veselin"]
[Result "1-0"]
[WhiteElo "2770"]
[BlackElo "2730"]
[Annotator "TA"]
[PlyCount "122"]
[EventDate "2022.05.30"]
[EventType "tourn"]
[EventCountry "NOR"]
[SourceTitle "playchess.com"]
[Source "ChessBase"]
[SourceQuality "1"]

{[%evp 13,122,18,14,5,13,5,25,15,39,23,43,42,37,-9,37,23,36,36,29,34,31,28,37,37,33,37,39,35,37,37,39,37,37,33,39,33,44,35,39,23,128,27,52,45,45,17,17,15,20,24,24,-40,-40,-118,-102,-101,-39,-231,-16,-16,-16,-17,-16,-16,-5,0,0,0,0,-8,0,0,0,-16,0,0,0,0,15,-37,-16,-16,-16,-25,15,15,25,0,0,0,109,52,51,44,87,69,65,69,152,154,166,133,126,126,118,72,1955,1844,1433,1327,939]} 1. d4 {[%emt 0:00:01]} Nf6 {[%emt 0:00:01]} 2. c4 {[%emt 0:00:01]} e6 3. Nf3 {[%emt 0:00:01]} d5 {[%emt 0:00:02]} 4. g3 {[%emt 0:00:01]} Bb4+ {[%emt 0:00:05]} 5. Nbd2 {[%emt 0:00:03]} O-O {[%emt 0:00:13]} 6. Bg2 {[%emt 0:00:04]} b6 {[%emt 0:00:02]} 7. O-O {[%emt 0:00:03]} Bb7 {[%emt 0:00:03]} 8. b3 {[%emt 0:00:01] E16: Queen's Indian: 4 g3 Bb7 5 Bg2 Bb4+.} c5 {[%emt 0:00:08]} 9. Bb2 {[%emt 0:00:14] Against Bc3} cxd4 {[%emt 0:00:05]} 10. Nxd4 {[%emt 0:00:04] White has an edge.} Qe7 {[%emt 0:00:03]} 11. Rc1 {[%emt 0:00:18]} Rd8 {[%emt 0:00:25]} 12. cxd5 {[%emt 0:00:43]} Nxd5 {[%emt 0:01:06] [#]} 13. Qc2 $146 {[%emt 0:01:04]} (13. Nc4 $14) ({Predecessor:} 13. Nc4 Bc5 14. e3 Nf6 15. Ne5 Bxg2 16. Kxg2 Bxd4 17. Bxd4 Qb7+ 18. Qf3 Qxf3+ 19. Kxf3 {1-0 (58) David,A (2552)-Sonis,F (2550) Chianciano Terme 2021}) 13... Nf6 {[%emt 0:00:16]} (13... Bc5 $11 {feels stronger.}) 14. Ne4 {[%emt 0:00:13]} Nbd7 {[%emt 0:01:23]} 15. Nc6 {[%emt 0:00:13]} Bxc6 {[%emt 0:00:02]} 16. Qxc6 {[%emt 0:00:02]} Rab8 {[%emt 0:00:18]} 17. Rfd1 {[%emt 0:00:21]} Nxe4 {[%emt 0:00:02]} 18. Bxe4 {[%emt 0:00:09] A strong pair of Bishops.} Nf6 {[%emt 0:00:03]} 19. Bf3 {[%emt 0:00:02]} h6 {[%emt 0:00:10]} 20. Kg2 {[%emt 0:00:18]} Rxd1 {[%emt 0:00:11]} 21. Rxd1 {[%emt 0:00:01]} Rd8 22. Rxd8+ {[%emt 0:00:54]} Qxd8 {[%emt 0:00:01]} 23. Be5 {[%emt 0:00:01]} Bc5 {[%emt 0:00:19]} 24. h4 {[%emt 0:00:03]} Nd5 {[%emt 0:00:31]} 25. Qb7 {[%emt 0:00:34]} a5 $1 {[%emt 0:00:02]} 26. a4 {[%emt 0:00:19]} f6 {[%emt 0:00:03] [#]} (26... Nf6 $11 {remains equal.}) 27. Bb2 {[%emt 0:00:16] White is more active.} (27. Bg4 $1 $16) 27... Kf8 {[%emt 0:00:05]} 28. Qc6 {[%emt 0:00:12]} Kf7 {[%emt 0:00:04]} 29. Bh5+ {[%emt 0:00:06]} g6 {[%emt 0:00:01]} 30. Bf3 {[%emt 0:00:04]} h5 {[%emt 0:00:03]} 31. Qb7+ {[%emt 0:00:05]} Ne7 {[%emt 0:00:03]} 32. Bc3 {[%emt 0:00:37] Prevents Qd2.} (32. Qa8 $11 Qxa8 33. Bxa8) 32... Qd1 $15 {[%emt 0:00:04] ...Qc1 is the strong threat.} 33. Qe4 {[%emt 0:00:31]} (33. Qa8 $15 e5 34. Bc6) 33... Qxb3 $17 {[%emt 0:00:09]} 34. Bd2 Qb2 {[%emt 0:00:08]} (34... Bb4 $17 35. Be3 Nd5) 35. Be3 {[%emt 0:00:23]} (35. Qd3 $15) 35... Qe5 $2 {[%emt 0:00:05]} (35... f5 $1 $19 {[%cal Rf5e4]} 36. Qd3 Bxe3 37. fxe3 Qa2) 36. Qxe5 $11 {[%emt 0:00:14]} fxe5 {[%mdl 4096] Endgame KBB-KBN} 37. Bd2 Nd5 {[%emt 0:00:08][%cal Ob6b5]} 38. e3 {[%emt 0:00:02]} Bb4 {[%emt 0:00:02]} 39. Bc1 Ke7 {[%emt 0:00:03][%cal Ob6b5]} 40. Be4 {[%emt 0:00:03]} Kf6 {[%emt 0:00:01]} 41. Bb2 {[%emt 0:00:04]} Bc3 {[%emt 0:00:05]} 42. Bc1 Bb4 43. Kf1 {[%emt 0:00:01]} Kf7 {[%emt 0:00:01]} 44. Bc2 {[%emt 0:00:10]} Kf6 {[%emt 0:00:02]} 45. Ke2 {[%emt 0:00:01]} e4 {[%emt 0:00:08]} 46. Bb3 {[%emt 0:00:04]} (46. Bb2+ $11 e5 47. Bxe4 Nc3+ 48. Bxc3 Bxc3 49. f3) 46... Kf5 {[%emt 0:00:03]} 47. Bc2 {[%emt 0:00:06]} Nc3+ 48. Kf1 Kf6 {[%emt 0:00:03]} 49. Bb2 {[%mdl 1024] White has compensation.} Ke5 {[%emt 0:00:02]} 50. Kg2 {[%emt 0:00:04]} (50. f3 $5 {[%cal Rc2e4]}) 50... Kd5 {[%emt 0:00:02]} 51. g4 {[%emt 0:00:03]} Ke5 {[%emt 0:00:06] [#]} (51... hxg4 $11 {keeps the balance.} 52. Kg3 Kc4) 52. Kg3 {[%emt 0:00:02]} (52. g5 $1 $16) 52... Kf6 $14 {[%emt 0:00:03]} 53. Bxe4 {[%emt 0:00:04]} Bd6+ {[%emt 0:00:04]} 54. f4 {[%emt 0:00:07]} Bb4 55. Bc2 {[%emt 0:00:11]} hxg4 {[%emt 0:00:03]} ({Black should play} 55... Kf7 $14) 56. Kxg4 $16 Kf7 57. e4 {[%emt 0:00:07][%cal Be3e4,Be4e5][%mdl 32] Inhibits Nd5.} b5 {[%emt 0:00:03]} 58. Bxc3 {[%emt 0:00:05]} Bxc3 {[%emt 0:00:01] [#]} 59. axb5 (59. e5 $142 $1) 59... Bd4 $2 {[%mdl 8192]} (59... e5 $16) 60. e5 $18 {[%emt 0:00:01]} Bc5 {[%emt 0:00:05]} 61. Bb3 {[%emt 0:00:05]} Bb6 {[%emt 0:00:04] Weighted Error Value: White=0.22 (precise) /Black=0.25 (precise)} 1-0